El control parlamentario / (Record no. 108421)

MARC details
000 -LEADER
campo de control de longitud fija 00639nam a2200193 4500
001 - NÚMERO DE CONTROL
campo de control 108421
003 - IDENTIFICADOR DE NÚMERO DE CONTROL
campo de control ES-MaACL
007 - CAMPO FIJO DE DESCRIPCIÓN FÍSICA--INFORMACIÓN GENERAL
campo de control de longitud fija t|
008 - DATOS DE LONGITUD FIJA--INFORMACIÓN GENERAL
campo de control de longitud fija 061121s1984 sp r ||||1| spa d
100 1# - ENTRADA PRINCIPAL--NOMBRE DE PERSONA
Nombre de persona Montero Gibert, José Ramón.
9 (RLIN) 82524
245 13 - MENCIÓN DEL TÍTULO
Título El control parlamentario /
Mención de responsabilidad, etc. José Ramón Montero Gibert, Joaquín García Morillo.
260 ## - PUBLICACIÓN, DISTRIBUCIÓN, ETC.
Lugar de publicación, distribución, etc. Madrid :
Nombre del editor, distribuidor, etc. Tecnos,
Fecha de publicación, distribución, etc. 1984.
300 ## - DESCRIPCIÓN FÍSICA
Extensión 205 p. ;
Dimensiones 18 cm.
490 1# - MENCIÓN DE SERIE
Mención de serie Temas clave de la Constitución Española
700 1# - ENTRADA AGREGADA--NOMBRE PERSONAL
Nombre de persona García Morillo, Joaquín.
9 (RLIN) 55003
830 0# - PUNTO DE ACCESO ADICIONAL DE SERIE-TÍTULO UNIFORME
Título uniforme Temas clave de la Constitución Española
9 (RLIN) 178650
852 ## - LOCALIZACIÓN
Ubicación ES-MaACL
Número de control de estantería L-6472
Sublocalización o colección R.107238
Holdings
Estatus retirado Estado de pérdida Estado de daño No para préstamo Biblioteca de origen Biblioteca actual Ubicación en estantería Fecha de adquisición Fuente de adquisición Total de préstamos Signatura topográfica completa Código de barras Visto por última vez Precio de reemplazo Tipo de ítem Koha
        Biblioteca del Ateneo de Madrid Biblioteca del Ateneo de Madrid Depósito 2 17/01/2008     L-6472 1113136 23/02/2023 23/02/2023 Libro impreso